| Tag |
First Indicator |
Second Indicator |
Subfields |
| LEADER |
00000cam a2200000Ia 4500 |
| 001 |
in00002526621 |
| 005 |
20151113113440.0 |
| 008 |
090907s2009 caua 000 0 eng d |
| 020 |
|
|
|a 9780979330759
|
| 020 |
|
|
|a 0979330750
|
| 035 |
|
|
|a (OCoLC)ocn318430938
|
| 035 |
|
|
|a (OCoLC)318430938
|
| 040 |
|
|
|a BTCTA
|c BTCTA
|d TXA
|d UtOrBLW
|
| 049 |
|
|
|a TXAM
|
| 090 |
|
|
|a ND237.L745
|b A4 2009
|
| 100 |
1 |
|
|a Louie, Travis.
|
| 245 |
1 |
0 |
|a Travis Louie's curiosities.
|
| 246 |
3 |
0 |
|a Curiosities
|
| 250 |
|
|
|a 1st ed.
|
| 264 |
|
1 |
|a Los Angeles :
|b Baby Tattoo Books ;
|a Gallery 1988,
|c [2009]
|
| 264 |
|
4 |
|c ©2009
|
| 300 |
|
|
|a 1 volume (unpaged) :
|b illustrations ;
|c 25 cm.
|
| 336 |
|
|
|a text
|b txt
|2 rdacontent
|
| 337 |
|
|
|a unmediated
|b n
|2 rdamedia
|
| 338 |
|
|
|a volume
|b nc
|2 rdacarrier
|
| 600 |
1 |
0 |
|a Louie, Travis.
|
| 650 |
|
0 |
|a Fantasy in art.
|
| 650 |
|
0 |
|a Portrait painting, American.
|
| 938 |
|
|
|a Baker and Taylor
|b BTCP
|n BK0008312078
|
| 994 |
|
|
|a C0
|b TXA
|
| 948 |
|
|
|a cataloged
|b h
|c 2009/11/17
|d c
|e nbehmer
|f 10:55:35 am
|
| 999 |
|
|
|a MARS
|
| 999 |
f |
f |
|s 78e36684-8a66-3ead-bdfe-aba935609da3
|i c69d39cd-a3bc-33fe-80e9-725531204646
|t 0
|
| 952 |
f |
f |
|p normal
|a Texas A&M University
|b College Station
|c Sterling C. Evans Library
|d Evans: Library Stacks
|t 0
|e ND237.L745 A4 2009
|h Library of Congress classification
|i unmediated -- volume
|m A14838878206
|
| 998 |
f |
f |
|a ND237.L745 A4 2009
|t 0
|l Evans: Library Stacks
|